000 00341 a2200157 4500
001 59924
020 _a9783781719538
040 _cAnchieta - Pituba
100 _aSpradlin, Michael P.
240 1 0 _aDie templer
_lpor
245 1 0 _aDie templer
300 _a270
362 0 _a2008
650 4 _aLiteratura juvenil em alemão
942 _cBK
999 _c59924
_d59924